00929cam a2200157 450050000500170000004100080001704200070002510000290003224501090006126000180017050000070018852004030019578600610059885600910065999900210075020260322004600.0 afre adc10aCormont, Oliviereauthor00aThis page does not exist! Dystopian fiction about the future of information professionals in social work c2026.  a62 aThis speculative fiction explores the evolution of the information specialist profession within a context of extreme rationalization of social work. Through the daily life of a professional immersed in an automated knowledge management system, the text examines the potential pitfalls of standardized and dehumanized documentation, as well as the tensions between conformity, memory, and mediation.0 nSociographe | 93 | 1 | 2026-02-27 | p. 15-19 | 1297-662841uhttps://shs.cairn.info/journal-sociographe-2026-1-page-15?lang=en&redirect-ssocas=7080 c1741486d1741486